| 000 | 00597nam a2200229Ia 4500 | ||
|---|---|---|---|
| 003 | 0100 | ||
| 005 | 20161215084958.0 | ||
| 008 | 130303s9999 xx 000 0 und d | ||
| 020 | _a0385044127 | ||
| 040 | _cARRUPELIB | ||
| 050 | _aREF. BS192.2.A11964.G3 1974 | ||
| 100 |
_aBarth, Markus _928080 |
||
| 245 | _aEphesians 1-3 | ||
| 250 | _a1st ed. | ||
| 260 | _aNew york | ||
| 260 | _bDoubleday & Co. | ||
| 300 | _axxxiv | ||
| 300 | _b 420p. 25cm. | ||
| 440 |
_aThe anchor bible series ; v. 34 _928081 |
||
| 650 |
_aBible N.T. Ephesiam _xCommentaries _928082 |
||
| 942 |
_2lcc _cMONOGRAPH |
||
| 999 |
_c30125 _d30125 |
||